Schools for 21st - century learners strong leaders, confident teachers, innovative approaches

Gespeichert in:
Bibliographische Detailangaben
1. Verfasser: Schleicher, Andreas
Format: Buch
Sprache:Englisch
Veröffentlicht: Paris OECD 2015
Schriftenreihe:International summit on the teaching profession
Schlagworte:
Tags: Tag hinzufügen
Keine Tags, Fügen Sie das erste Tag hinzu!

MARC

LEADER 00000nam a2200000 4500
001 0212171
005 20240314123451.9
020 |a 978-92-64-23118-4 
041 0 |a eng 
044 |a FR 
245 1 0 |a Schools for 21st - century learners  |b strong leaders, confident teachers, innovative approaches  |c Andreas Schleicher 
264 1 |a Paris  |b OECD  |c 2015 
300 |a 75 s. 
490 1 |a International summit on the teaching profession 
830 0 |a International summit on the teaching profession 
610 2 0 |a vzdelanie 
610 2 0 |a školstvo 
610 2 0 |a učitelia 
610 2 0 |a podpora vzdelávania 
610 2 0 |a vedenie 
610 2 0 |a študenti 
610 2 0 |a kvalita vzdelávania 
100 1 |a Schleicher, Andreas